000 00330nam a2200145Ia 4500
008 150201s2006 xx 000 0 und d
082 _a618.92
_bP06S
100 _aSHAH , L.P.
245 2 _aA HB. OF PSYCHIATRY
250 _a2ND
260 _bSAGAR PUB.
_aDELHI
_c2006
300 _a304
650 _aPSYCHIATRY
942 _2ddc
_cBK
999 _c1906
_d1906